000 00705nam a2200217 a 4500
005 20240925063817.0
008 140213s2010 mx r 000 0 spa d
020 _a9789508086150
035 _aUPN01000195755
049 _aCG
050 4 _aQA11
_bD5.2
245 1 0 _aDidáctica de la matemática :
_benseñar matemática /
_cLiliana Cattaneo ... [et al.].
260 _aRosario, Arg. :
_bHomo Sapiens,
_c2010.
300 _a70, 110 p. :
_bil.
440 0 _aDidácticas
501 _aCon: Didáctica de la matemática : enseñar a enseñar matemática
650 4 _aMatemáticas
_xEstudio y enseñanza
_93601
700 1 _aLagreca de Cattaneo, Liliana,
_ecoaut.
905 _aLibro
999 _c167856
_d167856